000 00648cam a22002053a 4500
001 42332
003 PGUSA
005 20140828083944.0
008 130314s2013||||xxu|||||s|||||000 | eng d
040 _aPGUSA
_beng
042 _adc
100 1 _aCorelli, Marie,
_d1855-1924
245 1 4 _aThe Sorrows of Satan ;
_bor, The Strange Experience of One Geoffrey Tempest, Millionaire, A Romance
_h[electronic resource] /
_cMarie Corelli
260 _bProject Gutenberg,
_c2013
506 _aPublic domain in the USA.
516 _aElectronic text
830 0 _aProject Gutenberg
_v42332
856 4 0 _uhttp://www.gutenberg.org/ebooks/42332
942 _cEB
999 _c271584
_d271584